| 000 | 00805cam a2200265 a 4500 | ||
|---|---|---|---|
| 001 | 13963324 | ||
| 003 | OSt | ||
| 005 | 20171201150652.0 | ||
| 008 | 050512s2005 nyua 001 0 eng | ||
| 010 | _a 2005275446 | ||
| 020 | _a0199271836 (pbk.) | ||
| 040 |
_aDLC _cDLC _dDLC |
||
| 050 | 0 | 0 |
_aQD453.3 _b.A85 2005 |
| 082 | 0 | 0 |
_a541 _222 _bATK 2005 |
| 100 | 1 |
_aAtkins, P. W.; Julio de Paula.. _98543 |
|
| 245 | 1 | 0 | _aElements of Physical Chemistry |
| 250 | _a4th ed. | ||
| 260 |
_aNew York ; _bW.H. Freeman, _c2005. |
||
| 300 |
_axix, 627 p. : _bill. ; _c25 cm. |
||
| 504 | _aIncludes index. | ||
| 650 | 0 |
_aPhysical Chemistry _92922 |
|
| 906 |
_a7 _bcbc _corigcop _d2 _encip _f20 _gy-gencatlg |
||
| 942 |
_2ddc _cSLOAN |
||
| 999 |
_c3895 _d3895 |
||